A kapcsolati erőszak differenciál-tipológiai vizsgálata

Elmentve itt :
Bibliográfiai részletek
Szerző: Pásztor Gergely
Dokumentumtípus: Cikk
Megjelent: Szegedi Tudományegyetem Állam- és Jogtudományi Doktori Iskola Szeged 2025
Sorozat:Comparative Law Working Papers 9 No. 1
Kulcsszavak:Erőszak - családi élet, Bűncselekmény - büntetőjog - magyar
Tárgyszavak:
Online Access:http://acta.bibl.u-szeged.hu/86712
LEADER 00824nab a2200205 i 4500
001 acta86712
005 20250218123448.0
008 250218s2025 hu o 000 hun d
022 |a 2560-1911 
040 |a SZTE Egyetemi Kiadványok Repozitórium  |b hun 
041 |a hun 
100 1 |a Pásztor Gergely 
245 1 2 |a A kapcsolati erőszak differenciál-tipológiai vizsgálata  |h [elektronikus dokumentum] /  |c  Pásztor Gergely 
260 |a Szegedi Tudományegyetem Állam- és Jogtudományi Doktori Iskola  |b Szeged  |c 2025 
300 |a 96 
490 0 |a Comparative Law Working Papers  |v 9 No. 1 
650 4 |a Társadalomtudományok 
650 4 |a Jogtudomány 
695 |a Erőszak - családi élet, Bűncselekmény - büntetőjog - magyar 
856 4 0 |u http://acta.bibl.u-szeged.hu/86712/1/comparative_law_2025_001_001.pdf  |z Dokumentum-elérés